Испаноговорящие страны - Statistics

General Stats
  • This quiz has been taken 176 times
  • The average score is 17 of 22
Answers on the Map
Answers color-coded by a green-red scale on the quiz's map according to % correct below.
 
Answer Stats
Country % Correct
Испания
99%
Аргентина
92%
Чили
91%
Перу
91%
Колумбия
89%
Венесуэла
89%
Уругвай
88%
Боливия
87%
Мексика
87%
Парагвай
85%
Эквадор
84%
Куба
83%
Панама
83%
Гондурас
76%
Никарагуа
76%
Коста-Рика
75%
Сальвадор
74%
Гватемала
74%
Белиз
63%
Доминиканская Республика
56%
Андорра
43%
Экваториальная Гвинея
27%
No matching quizzes found
Score Distribution
Percent of People with Each Score
Percentile by Number Answered
Your Score History
You have not taken this quiz